[Event "AUTO-INT-3313"]
[Site "http://www.queenalice.com/game.php?id=1526106"]
[Date "2018.5.5"]
[Round "2"]
[White "seanysean"]
[Black "AlphaZer0"]
[Result "1-0"]
[WhiteElo "2160"]
[BlackElo "1837"]

1. e4 c5 2. Nf3 d6 3. d4 cxd4 4. Nxd4 Nf6 5. Nc3 e5 6. Nb3 Nc6 7. Be3 Be7 8. Be2
O-O 9. O-O Be6 10. f3 a6 11. g4 Qc7 12. Kh1 Rfd8 13. Qe1 d5 14. exd5 Nxd5 15.
Nxd5 Bxd5 16. Qg3 Bd6 17. h4 Nd4 18. Bxd4 exd4 19. Qf2 Bg3 20. Qg2 Bxh4 21. Bd3
Bxb3 22. axb3 Rd6 23. Qh2 Qc6 24. Ra5 b5 25. Be4 Qb6 26. Bxa8 Rh6 27. Rxa6 1-0

[Event "AUTO-INT-3305"]
[Site "http://www.queenalice.com/game.php?id=1531685"]
[Date "2018.6.17"]
[Round "2"]
[White "Danado"]
[Black "seanysean"]
[Result "0-1"]
[WhiteElo "1685"]
[BlackElo "2169"]

1. e4 c6 2. d4 d5 3. exd5 cxd5 4. Bf4 Nc6 5. Bb5 Nf6 6. Bxc6+ bxc6 7. Nf3 Ba6 8.
Nc3 e6 9. Bg5 Be7 10. Bxf6 Bxf6 11. Ne2 O-O 12. O-O Rb8 13. b3 c5 14. c3 cxd4
15. cxd4 Qb6 16. Ne5 Qd6 17. Nf3 Rfc8 18. Rc1 Qa3 19. Rxc8+ Rxc8 20. Re1 Qxa2
21. Nc1 Qc2 22. Qxc2 Rxc2 23. h3 Be7 24. Ne2 Bxe2 25. Ne5 Bb4 0-1

[Event "AUTO-INT-3305"]
[Site "http://www.queenalice.com/game.php?id=1531686"]
[Date "2018.6.17"]
[Round "2"]
[White "seanysean"]
[Black "Danado"]
[Result "1-0"]
[WhiteElo "2167"]
[BlackElo "1687"]

1. Nf3 b6 2. d4 Bb7 3. Nc3 Bxf3 4. exf3 e6 5. Bd3 d5 6. O-O Nc6 7. Bb5 Qd7 8.
Re1 a6 9. Bxc6 Qxc6 10. f4 Bb4 11. Bd2 O-O-O 12. a3 Bxc3 13. Bxc3 Nf6 14. f3
Rhe8 15. Qe2 Kb7 16. Qe3 Nd7 17. Qd2 f6 18. a4 Ra8 19. Qd3 g6 20. b4 e5 21. dxe5
f5 22. Bd4 Nf8 23. b5 Qc4 24. Qxc4 a5 25. Qc6+ 1-0

[Event "AUTO-INT-3305"]
[Site "http://www.queenalice.com/game.php?id=1531689"]
[Date "2018.6.17"]
[Round "2"]
[White "fracasso"]
[Black "seanysean"]
[Result "0-1"]
[WhiteElo "1442"]
[BlackElo "2184"]

1. e4 c5 2. c3 e6 3. d3 d5 4. Qa4+ Nc6 5. Nd2 Bd7 6. Ngf3 Nf6 7. b4 Nxb4 8. Qb3
Nc6 9. Qxb7 Qa5 10. Qxa8+ Ke7 11. c4 Qa6 12. cxd5 exd5 13. exd5 Nxd5 14. Bb2
Ndb4 15. Be2 Nc2+ 16. Kd1 Nxa1 17. Bxa1 Qxa2 18. Bc3 Qa4+ 19. Ke1 Qc2 20. Kf1
Qxc3 21. Qb7 Qc1+ 22. Ne1 Qxd2 23. f3 g6 24. Qb3 Nd4 25. Qd1 Qxe2+ 26. Qxe2+
Nxe2 27. Kxe2 Bg7 28. Nc2 Rb8 29. Ne3 Rb2+ 30. Kf1 Rb1+ 0-1

[Event "AUTO-INT-3305"]
[Site "http://www.queenalice.com/game.php?id=1531690"]
[Date "2018.6.17"]
[Round "2"]
[White "seanysean"]
[Black "fracasso"]
[Result "1-0"]
[WhiteElo "2185"]
[BlackElo "1440"]

1. c4 Nf6 2. d4 d6 3. Nc3 c6 4. Nf3 e6 5. e4 e5 6. d5 cxd5 7. cxd5 Be7 8. Bc4
O-O 9. O-O Qc7 10. Qe2 a6 11. a4 Qc5 12. Rb1 Nfd7 13. b4 Qc7 14. Bd2 Nb6 15. Bb3
f5 16. h3 f4 17. Nh2 Bd7 18. b5 axb5 19. Nxb5 Qc5 20. Rfc1 Qxc1+ 21. Rxc1 Bh4
22. a5 Nc8 23. Bb4 Na6 24. Nc7 Nxc7 25. Rxc7 Rf7 26. Qc4 Be8 27. Rxc8 Rxc8 28.
Qxc8 Rf8 29. Bxd6 Bf6 30. Bxf8 Kxf8 31. d6 g6 32. d7 1-0

[Event "AUTO-INT-3305"]
[Site "http://www.queenalice.com/game.php?id=1531691"]
[Date "2018.6.17"]
[Round "2"]
[White "Lan_bispo"]
[Black "seanysean"]
[Result "0-1"]
[WhiteElo "1860"]
[BlackElo "2175"]

1. e4 e6 2. d4 d5 3. exd5 exd5 4. Nf3 Nf6 5. Bg5 Be7 6. Be2 h6 7. Bh4 O-O 8. O-O
Bf5 9. Ne5 Nbd7 10. f4 c5 11. c3 cxd4 12. cxd4 Ne4 13. Bxe7 Qxe7 14. Nc3 Rfe8
15. Nxe4 dxe4 16. Bc4 Nxe5 17. fxe5 Bg6 18. Qb3 a6 19. a4 Qd7 20. Rad1 Rab8 21.
a5 Rbc8 22. Rc1 Qxd4+ 23. Kh1 Qd7 24. Rcd1 Qc7 25. Rc1 Qe7 26. Rcd1 Rc7 27. Rd6
Kh7 28. Rb6 Rec8 29. Rxg6 fxg6 30. Rf7 Qxf7 0-1

[Event "AUTO-INT-3305"]
[Site "http://www.queenalice.com/game.php?id=1531692"]
[Date "2018.6.17"]
[Round "2"]
[White "seanysean"]
[Black "Lan_bispo"]
[Result "1-0"]
[WhiteElo "2170"]
[BlackElo "1886"]

1. e4 c5 2. c3 Nc6 3. d4 cxd4 4. cxd4 d6 5. Nf3 Nf6 6. Nc3 g6 7. Bd3 Bg7 8. O-O
O-O 9. h3 a6 10. a3 b5 11. d5 Na5 12. Re1 Bb7 13. Be3 Nd7 14. Bd4 Ne5 15. Nxe5
dxe5 16. Be3 Nc4 17. Bxc4 bxc4 18. Qa4 Rc8 19. Qb4 Qc7 20. Rac1 Rfd8 21. Bb6 Qd7
22. Bxd8 Rxd8 23. Qxc4 Rc8 24. Qa4 Qd8 25. Qb4 Rb8 26. Qc4 Rc8 27. Qd3 1-0

[Event "AUTO-ADV-3969"]
[Site "http://www.queenalice.com/game.php?id=1531710"]
[Date "2018.6.18"]
[Round "2"]
[White "Canaye"]
[Black "seanysean"]
[Result "0-1"]
[WhiteElo "1860"]
[BlackElo "2178"]

1. d4 d5 2. c4 c6 3. Nc3 Nf6 4. cxd5 cxd5 5. h3 Nc6 6. Bf4 a6 7. Nf3 h6 8. e3
Bf5 9. a3 e6 10. b4 Bd6 11. Bh2 O-O 12. Nh4 Bh7 13. Be2 Bxh2 14. Rxh2 Ne4 15.
Nxe4 Bxe4 16. Nf3 Qd6 17. Rc1 Bxf3 18. Bxf3 Qxh2 19. Ke2 Qd6 20. Rc5 b6 21. Rc3
b5 22. Qc1 Rfc8 23. Rc5 a5 24. Qb1 axb4 25. axb4 Rcb8 26. g4 Ra4 27. Bg2 Rb6 28.
Kf3 Rxb4 29. Qc2 Rxd4 30. Rxc6 Rxc6 31. Qb2 Rb4 32. Qa1 Ra4 33. Qb2 Qb4 34. Qe5
Qe4+ 35. Qxe4 Rxe4 36. Kg3 Rec4 37. h4 b4 38. Bf1 Rc3 39. g5 b3 40. gxh6 gxh6
41. Kg4 b2 0-1

[Event "AUTO-ADV-3969"]
[Site "http://www.queenalice.com/game.php?id=1531711"]
[Date "2018.6.18"]
[Round "2"]
[White "seanysean"]
[Black "Canaye"]
[Result "1-0"]
[WhiteElo "2173"]
[BlackElo "1828"]

1. d4 e6 2. e4 d5 3. e5 c5 4. c3 Nc6 5. Nf3 cxd4 6. cxd4 Qb6 7. Be2 Bb4+ 8. Kf1
Nge7 9. a3 Qa5 10. b3 Ng6 11. Bb2 Be7 12. Nc3 Bd8 13. b4 Qc7 14. Nb5 Qe7 15.
Nd6+ Kf8 16. b5 Na5 17. Bc3 Nc4 18. Bxc4 dxc4 19. Nxc8 Rxc8 20. Bb4 c3 21. Bxe7+
Bxe7 22. g3 h5 23. h4 Bd8 24. Qa4 c2 25. Rc1 Ke7 26. Rxc2 Rxc2 27. Qxc2 Bb6 28.
a4 Rd8 29. Qc4 Nf8 30. Qb4+ Ke8 31. a5 Bc7 32. b6 axb6 33. axb6 Bb8 34. Qb5+ Nd7
35. Ke2 Kf8 36. Qb4+ Kg8 37. Qe7 1-0

[Event "AUTO-ADV-3969"]
[Site "http://www.queenalice.com/game.php?id=1531714"]
[Date "2018.6.18"]
[Round "2"]
[White "MariusLola"]
[Black "seanysean"]
[Result "0-1"]
[WhiteElo "1821"]
[BlackElo "2183"]

1. d4 d5 2. c4 e6 3. Nc3 Nf6 4. Bg5 Be7 5. e3 O-O 6. Nf3 h6 7. Bxf6 Bxf6 8. Rc1
c6 9. Be2 a6 10. O-O Nd7 11. b3 dxc4 12. bxc4 b5 13. cxb5 cxb5 14. Ne4 Bb7 15.
Nd6 Bc8 16. Nd2 Nb6 17. N2e4 Be7 18. Nxc8 Rxc8 19. Nc5 Bxc5 20. dxc5 Qxd1 21.
Rfxd1 Na4 22. c6 Rc7 23. Bf3 Rfc8 24. Rd7 Rxd7 25. h3 Rdc7 26. a3 Nb6 27. g4 Nd5
28. Bxd5 exd5 29. Rc5 Rxc6 30. Rxd5 Rc3 31. Rd4 Rxa3 32. Kg2 a5 0-1

[Event "AUTO-ADV-3969"]
[Site "http://www.queenalice.com/game.php?id=1531715"]
[Date "2018.6.18"]
[Round "2"]
[White "seanysean"]
[Black "MariusLola"]
[Result "1-0"]
[WhiteElo "2180"]
[BlackElo "1823"]

1. e4 e5 2. Nf3 Nc6 3. d4 exd4 4. Nxd4 Qh4 5. Nc3 Nf6 6. g3 Qg4 7. Nxc6 bxc6 8.
Qxg4 Nxg4 9. Bg2 Bc5 10. O-O O-O 11. h3 Nxf2 12. Rxf2 Bxf2+ 13. Kxf2 d6 14. Be3
Be6 15. b3 a5 16. a4 f6 17. Ne2 c5 18. Nf4 Bd7 19. e5 Rae8 20. e6 Bxe6 21. Nxe6
Rxe6 22. Bd5 Kf7 23. Bd2 Re8 24. Re1 Re7 25. Kf3 c6 26. Bxe6+ Rxe6 27. Rxe6 Kxe6
28. Bxa5 Ke5 29. Bc3+ Kf5 30. a5 1-0

[Event "AUTO-ADV-3969"]
[Site "http://www.queenalice.com/game.php?id=1531718"]
[Date "2018.6.18"]
[Round "2"]
[White "seanysean"]
[Black "jlpbarreto"]
[Result "1-0"]
[WhiteElo "2191"]
[BlackElo "1910"]

1. d4 Nf6 2. c4 e6 3. Nc3 d5 4. cxd5 exd5 5. Nf3 Bb4 6. a3 Ba5 7. Bd2 c6 8. e3
O-O 9. Bd3 Bb6 10. O-O Bg4 11. h3 Bh5 12. Be2 Bc7 13. Qc2 Bg6 14. Qb3 Qc8 15.
Na4 Nbd7 16. Rac1 Nb6 17. Nc5 Kh8 18. Qa2 Kg8 19. b4 Re8 20. b5 1-0

[Event "AUTO-ADV-3969"]
[Site "http://www.queenalice.com/game.php?id=1531719"]
[Date "2018.6.18"]
[Round "2"]
[White "jlpbarreto"]
[Black "seanysean"]
[Result "0-1"]
[WhiteElo "1936"]
[BlackElo "2187"]

1. e4 e5 2. Nf3 Nc6 3. Bb5 a6 4. Ba4 Nf6 5. O-O d6 6. h3 Be7 7. Re1 O-O 8. d3 b5
9. Bb3 h6 10. Be3 Na5 11. Nbd2 Nxb3 12. axb3 c5 13. c3 Nh7 14. Nf1 f5 15. Qc2 f4
16. Bd2 g5 17. N1h2 h5 18. Nf1 g4 19. N3h2 gxh3 0-1

[Event "AUTO-INT-3314"]
[Site "http://www.queenalice.com/game.php?id=1535618"]
[Date "2018.7.21"]
[Round "2"]
[White "seanysean"]
[Black "Football_rules"]
[Result "1-0"]
[WhiteElo "2195"]
[BlackElo "1654"]

1. c4 e6 2. d4 Nc6 3. Nc3 a6 4. e4 Bb4 5. Qd3 e5 6. Nf3 d6 7. Be3 Nf6 8. dxe5
Bxc3+ 9. bxc3 dxe5 10. Qxd8+ Nxd8 11. Nxe5 O-O 12. Bd3 Re8 13. f4 Ne6 14. O-O c5
15. f5 Nc7 16. Bxc5 Rxe5 17. Bd6 1-0

[Event "AUTO-INT-3314"]
[Site "http://www.queenalice.com/game.php?id=1535620"]
[Date "2018.7.21"]
[Round "2"]
[White "seanysean"]
[Black "KAXY"]
[Result "1-0"]
[WhiteElo "2196"]
[BlackElo "1820"]

1. d4 d5 2. c4 dxc4 3. e3 Be6 4. Nc3 g6 5. d5 Bf5 6. Bxc4 Bg7 7. Bd2 Nf6 8. Qb3
b6 9. Nge2 O-O 10. O-O a5 11. a4 Nbd7 12. Nd4 Nc5 13. Qd1 Qd6 14. Ncb5 Qd7 15.
Nxf5 Nce4 16. Nxg7 Kxg7 17. Bc3 Nxc3 18. Nxc3 Rad8 19. e4 Qd6 20. Qe2 Rfe8 21.
e5 Qc5 22. exf6+ exf6 23. Qd3 c6 24. Ne4 Qe7 25. f3 f5 26. Qd4+ Kg8 27. Nf6+ Kf8
28. Nxe8 Kxe8 29. Rfe1 Qxe1+ 30. Rxe1+ Kd7 31. dxc6+ Kc7 32. Re7+ Kc8 33. Ba6+
Kb8 34. Qxd8# 1-0

[Event "AUTO-INT-3314"]
[Site "http://www.queenalice.com/game.php?id=1535621"]
[Date "2018.7.21"]
[Round "2"]
[White "KAXY"]
[Black "seanysean"]
[Result "0-1"]
[WhiteElo "1818"]
[BlackElo "2197"]

1. d4 g6 2. e4 Bg7 3. e5 d6 4. Bd3 dxe5 5. dxe5 Bxe5 6. Be3 Bxb2 7. Nd2 Bxa1 8.
Qxa1 Nf6 9. Ngf3 O-O 10. Bh6 Re8 11. Ne4 Nc6 12. Nxf6+ exf6+ 13. Be2 Bg4 14. Be3
Bxf3 15. Bxf3 Nd4 16. O-O Nxc2 17. Qc1 Nxe3 18. fxe3 c6 19. Qc3 Qe7 20. Re1 Rad8
21. h3 Rd6 22. e4 Qe5 23. Qxe5 Rxe5 24. Kh2 f5 25. Kg3 fxe4 26. Be2 e3 27. Kf4
f6 28. g4 Rd4+ 29. Kf3 g5 30. Kg2 Kf7 31. Bc4+ Rxc4 32. Kf3 e2 33. Rxe2 Rxe2 34.
Kxe2 Rc2+ 35. Kd3 Rxa2 36. Ke4 Ra3 37. Kf5 Ra4 38. h4 Rf4# 0-1